000
00314nam a22001337a 4500
008
170906b xxu||||| |||| 00| 0 eng d
020
_a
9780442282141
041
_a
eng
080
_2
2ND
_a
72
100
_a
41
101
_a
ARK
245
_a
LETTERING FOR ARCHITECTS AND DESIGNERS
_c
SUTHERLAND,M
942
_2
udc
_c
BK
999
_c
26347
_d
26347